000 01314cam a22003134a 4500
001 12219196
005 20220812111732.0
008 001101s2001 enk b 001 0 eng
010 _a 00053056
020 _a0333801954
040 _aDLC
_cDLC
_dDLC
042 _apcc
050 0 0 _aHQ1236
_b.W6529 2001
082 0 0 _a341.481
_bWOM
245 0 0 _aWomen's rights and human rights :
_binternational historical perspectives /
_cedited by Patricia Grimshaw, Katie Holmes, and Marilyn Lake.
260 _aBasingstoke, Hampshire [England] ;
_aNew York :
_bPalgrave,
_cc2001.
300 _axxi, 318 p. ;
_c23 cm.
504 _aIncludes bibliographical references and index.
650 0 _aWomen's rights.
_994049
650 0 _aHuman rights.
700 1 _aGrimshaw, Patricia.
_994050
700 1 _aHolmes, Katie.
_994051
700 1 _aLake, Marilyn.
_994052
856 4 2 _3Contributor biographical information
_uhttp://www.loc.gov/catdir/enhancements/fy0667/00053056-b.html
856 4 2 _3Publisher description
_uhttp://www.loc.gov/catdir/enhancements/fy0667/00053056-d.html
906 _a7
_bcbc
_corignew
_d1
_eocip
_f20
_gy-gencatlg
942 _2ddc
_cBK
999 _c590394
_d590394